A-Level History - Britain Election Statistics - Statistics

General Stats
  • This quiz has been taken 9 times
  • The average score is 4 of 19
Answer Stats
Hint Answer % Correct
Who 'won' the Feb. 1974 Election? Labour
80%
Who won the *Popular* vote in Feb. 1974? Conservatives
60%
How many seats did Labour gain in the Oct. 1974 election? 18 seats
40%
How large was the Labour majority in Oct. 1974? 3 seats
40%
Who won the *Popular* vote in 1951? Labour
40%
How large was the Conservative majority in 1951? 17 seats
20%
How large (%) was the swing against Labour in the 1950 Election? 2.9%
20%
How many votes did the Conservatives lose in 1964 (vs 1959) 2m
20%
How large was the Labour majority in 1964? 4 seats
20%
How large was Conservative majority in 1955? 60 seats
20%
How many votes did Labour lose in 1970 (vs 1966) <1m
20%
How many votes did Labour lose in 1964 (vs 1959) 10,000
0%
How large was the Conservative majority in 1959? 100 seats
0%
How large was the Labour majority in 1945? 146 seats
0%
How many votes did the Conservatives gain in 1970 (vs 1966) 1.7m
0%
How many more votes did the Conservatives gain vs Labour (Feb. 1974) 230,000
0%
How large was the Conservative majority in 1970? 30 seats
0%
How many votes did the Liberal Party win in 1964? 3m
0%
How large was the Labour majority in 1966? 97 seats
0%
No matching quizzes found
Score Distribution
Percent of People with Each Score
Percentile by Number Answered
Your Score History
You have not taken this quiz